Представление документа в формате MARC21

Поле Инд. ПП Название Значение
Тип записи a
Библиографический уровень a
001 Контрольный номер b9617fc82fe942e9a6b8ca79a3ef17d6
005 Дата корректировки 20260423095223.7
020 a ISBN 978-5-907919-723
040 a Служба первич. каталог. НБ ТвГУ
b Код языка каталог. rus
e Правила каталог. PSBO
041 0_ a Код языка текста rus
097 b Оператор Komarova.ES
100 1_ a Автор Громова Полина Сергеевна
q Полное имя Громова П. С.
245 10 a Заглавие Национальная героика в романе А. К. Толстого «Князь Серебряный»
260 a Место издания Москва
b Издательство Московский союз литераторов
504 a Библиография Библиогр. в подстроч. примеч.
520 0_ a Аннотация В статье рассматривается комплекс черт, составляющий основу русского национального героического характера, каким он изображается А. К. Толстым в романе «Князь Серебряный». К ним относятся готовность, не раздумывая, прийти на помощь, способность нести ответственность за свои поступки, умение переживать национальное как глубоко личное и желание справедливости и равенства для всего народа. Воплощением такого характера становится главный герой романа, однако его черты находятся в образах и других положительных действующих лиц, что утверждает совокупный героический потенциал русской нации.
653 0_ a Ключевые слова Пассионарность
a Ключевые слова Национальный характер
a Ключевые слова Национальный герой
a Ключевые слова Героический потенциал
a Ключевые слова Князь Серебряный
773 18 w Контрольный № источника b6c41c0621c24b1a8844e5348daa290e
t Название источника IV международная научно-практическая конференция "Русский язык и литература в современном мире: как сохранить национальный культурный код"
d Место и дата издания Москва : Московский союз литераторов, 2026
g Прочая информация С. 177-184
901 t Тип документа a
920 a Оператор Кома
954 b Дата поступления в ОК 20260423